| 000 | 00636nam a22001697a 4500 | ||
|---|---|---|---|
| 020 | _qHard Cover. | ||
| 082 | _a624.1 | ||
| 100 | _aMukhtar, Afnan | ||
| 245 |
_aSchedule Health Assessment Criteria for Semi High-Rise Building Construction Projects in Pakistan / _cAfnan Mukhtar. |
||
| 260 |
_aIslamabad: _bNIT NUST, _c2018. |
||
| 300 |
_a68 p. : _bill. ; _c30cm. |
||
| 650 |
_aConstruction Engineering and Management MS-Thesis. _917023 |
||
| 700 |
_aDr. Muhammad Jamaluddin Thaheem _916295 |
||
| 856 | _uhttp://10.250.8.41:8080/xmlui/handle/123456789/3828 | ||
| 942 |
_2ddc _cTHE |
||
| 999 |
_c535320 _d535320 |
||